Nomads of eastern Tibet (Record no. 7970)
[ view plain ]
| 000 -LEADER | |
|---|---|
| fixed length control field | 02053nam a2200421 a 4500 |
| 001 - CONTROL NUMBER | |
| control field | ebr10270860 |
| 003 - CONTROL NUMBER IDENTIFIER | |
| control field | CaPaEBR |
| 006 - FIXED-LENGTH DATA ELEMENTS--ADDITIONAL MATERIAL CHARACTERISTICS--GENERAL INFORMATION | |
| fixed length control field | m u |
| 007 - PHYSICAL DESCRIPTION FIXED FIELD--GENERAL INFORMATION | |
| fixed length control field | cr cn||||||||| |
| 008 - FIXED-LENGTH DATA ELEMENTS--GENERAL INFORMATION | |
| fixed length control field | 070710s2007 ne ab sb 001 0 eng |
| 010 ## - LIBRARY OF CONGRESS CONTROL NUMBER | |
| Canceled/invalid LC control number | 2007027745 |
| 020 ## - INTERNATIONAL STANDARD BOOK NUMBER | |
| Cancelled/invalid ISBN | 9789004158139 (hardback : alk. paper) |
| Cancelled/invalid ISBN | 9004158138 (hardback : alk. paper) |
| 040 ## - CATALOGING SOURCE | |
| Original cataloging agency | CaPaEBR |
| Transcribing agency | CaPaEBR |
| 035 ## - SYSTEM CONTROL NUMBER | |
| System control number | (OCoLC)303712654 |
| 043 ## - GEOGRAPHIC AREA CODE | |
| Geographic area code | a-cc-sz |
| 050 14 - LIBRARY OF CONGRESS CALL NUMBER | |
| Classification number | DS793.D45 |
| Item number | T43 2007eb |
| 082 04 - DEWEY DECIMAL CLASSIFICATION NUMBER | |
| Classification number | 305.9/06918095138 |
| Edition number | 22 |
| 100 1# - MAIN ENTRY--PERSONAL NAME | |
| Personal name | Thargyal, Rinzin. |
| 245 10 - TITLE STATEMENT | |
| Title | Nomads of eastern Tibet |
| Medium | [electronic resource] : |
| Remainder of title | social organization and economy of a pastoral estate in the kingdom of Dege / |
| Statement of responsibility, etc | by Rinzin Thargyal ; edited by Toni Huber. |
| 260 ## - PUBLICATION, DISTRIBUTION, ETC. (IMPRINT) | |
| Place of publication, distribution, etc | Leiden ; |
| -- | Boston : |
| Name of publisher, distributor, etc | Brill, |
| Date of publication, distribution, etc | 2007. |
| 300 ## - PHYSICAL DESCRIPTION | |
| Extent | xii, 222 p. : |
| Other physical details | ill., maps. |
| 490 1# - SERIES STATEMENT | |
| Series statement | Brill's Tibetan studies library, |
| International Standard Serial Number | 1568-6183 ; |
| Volume number/sequential designation | v. 15 |
| 504 ## - BIBLIOGRAPHY, ETC. NOTE | |
| Bibliography, etc | Includes bibliographical references (p. [209]-215) and index. |
| 505 0# - FORMATTED CONTENTS NOTE | |
| Formatted contents note | Introduction -- The genesis of Zilphukhog -- Labour service -- Animal husbandry -- Trade and peripheral incomes -- Strategic transhumance -- Household organization -- Marriage and kinship -- Birth and death -- The political environment -- Social organization. |
| 533 ## - REPRODUCTION NOTE | |
| Type of reproduction | Electronic reproduction. |
| Place of reproduction | Palo Alto, Calif. : |
| Agency responsible for reproduction | ebrary, |
| Date of reproduction | 2013. |
| Note about reproduction | Available via World Wide Web. |
| -- | Access may be limited to ebrary affiliated libraries. |
| 650 #0 - SUBJECT ADDED ENTRY--TOPICAL TERM | |
| Topical term or geographic name as entry element | Nomads |
| Geographic subdivision | China |
| -- | Dege Xian |
| General subdivision | Social life and customs. |
| Topical term or geographic name as entry element | Nomads |
| Geographic subdivision | China |
| -- | Dege Xian |
| General subdivision | Economic conditions. |
| Topical term or geographic name as entry element | Herding |
| Geographic subdivision | China |
| -- | Dege Xian. |
| Topical term or geographic name as entry element | Social structure |
| Geographic subdivision | China |
| -- | Dege Xian. |
| 651 #0 - SUBJECT ADDED ENTRY--GEOGRAPHIC NAME | |
| Geographic name | Dege Xian (China) |
| General subdivision | Social life and customs. |
| Geographic name | Dege Xian (China) |
| General subdivision | Economic conditions. |
| 655 #7 - INDEX TERM--GENRE/FORM | |
| Genre/form data or focus term | Electronic books. |
| Source of term | local |
| 700 1# - ADDED ENTRY--PERSONAL NAME | |
| Personal name | Huber, Toni, |
| Dates associated with a name | 1956- |
| 710 2# - ADDED ENTRY--CORPORATE NAME | |
| Corporate name or jurisdiction name as entry element | ebrary, Inc. |
| 830 #0 - SERIES ADDED ENTRY--UNIFORM TITLE | |
| Uniform title | Brill's Tibetan studies library ; |
| Volume number/sequential designation | v. 15. |
| 856 40 - ELECTRONIC LOCATION AND ACCESS | |
| Uniform Resource Identifier | <a href="http://site.ebrary.com/lib/rucke/Doc?id=10270860">http://site.ebrary.com/lib/rucke/Doc?id=10270860</a> |
| Public note | An electronic book accessible through the World Wide Web; click to view |
No items available.
